[Event "Hampstead U2200 Feb2014"]
[Site "Hampstead, UK"]
[Date "2014.02.15"]
[Round "1"]
[White "McCormack, Daniel"]
[Black "Rubinson, Adam"]
[Result "0-1"]
[WhiteElo "1200"]
[BlackElo "1770"]
[EventType "swiss"]
[EventRounds "5"]

1. d4 Nf6 2. c4 e6 3. Nc3 Bb4 4. Bd2 d5 5. e3 O-O 6. b3 Nbd7 7. Nf3 Qe7 8. c5
e5 9. Nb5 Bxd2+ 10. Qxd2 exd4 11. Qxd4 Nxc5 12. Rc1 Ne6 13. Qe5 Qb4+ 14. Qc3
Qxc3+ 15. Rxc3 Ne4 16. Rd3 c6 17. Nbd4 Nxd4 18. Rxd4 Be6 19. Bd3 h6 20. O-O
Rad8 21. Bxe4 dxe4 22. Rxe4 Bd5 23. Rf4 g5 24. Rf5 Be4 25. Rf6 Kg7 26. Nxg5
hxg5 27. f3 Bd3 {#R} 0-1

[Event "Hampstead U2200 Feb2014"]
[Site "Hampstead, UK"]
[Date "2014.02.15"]
[Round "2"]
[White "Millward, David J"]
[Black "Jaunooby, Ali R"]
[Result "0-1"]
[WhiteElo "1922"]
[BlackElo "2149"]
[EventType "swiss"]
[EventRounds "5"]

1. e4 c5 2. Nc3 Nc6 3. f4 g6 4. Nf3 Bg7 5. g3 Rb8 6. a4 e6 7. Bg2 Nge7 8. d3
d5 9. O-O O-O 10. Qe2 Nd4 11. Nxd4 cxd4 12. Nd1 dxe4 13. dxe4 Bd7 14. Nf2 Qe8
15. Nd3 Bxa4 16. b3 Bb5 17. Ba3 Qd7 18. Rfc1 Rfc8 19. Qd1 Nc6 20. Nc5 Qd8 21.
e5 Bf8 22. Ne4 Nb4 23. Qd2 a5 24. Bb2 d3 25. c4 Bc6 26. Bc3 Bxe4 27. Bxe4 Qb6+
28. Kg2 Rd8 29. Ra4 Bc5 30. Rca1 Ra8 31. Kf3 Nc6 32. Bxa5 Nxa5 33. Rxa5 Bb4
34. Rxa8 Bxd2 35. Rxd8+ Qxd8 36. Bxb7 Qd4 {#R} 0-1

[Event "Hampstead U2200 Feb2014"]
[Site "Hampstead, UK"]
[Date "2014.02.15"]
[Round "2"]
[White "Harari, Zaki"]
[Black "Liang, Jake Z"]
[Result "1-0"]
[WhiteElo "2084"]
[BlackElo "1898"]
[EventType "swiss"]
[EventRounds "5"]

1. e4 c5 2. Nf3 Nc6 3. d4 cxd4 4. Nxd4 e6 5. Be3 Qc7 6. g3 Nf6 7. Bg2 a6 8.
O-O Be7 9. Nc3 O-O 10. f4 d6 11. Qe2 Nxd4 12. Bxd4 e5 13. Be3 Be6 14. Nd5 Bxd5
15. exd5 Nd7 16. f5 Rfc8 17. c3 Nb6 18. b3 Qd8 19. c4 Bg5 20. h4 Bxe3+ 21.
Qxe3 Nd7 22. a4 Rc5 23. Be4 Nf6 24. Bd3 Qb6 25. Be2 Rac8 26. Kg2 Qb4 27. Rfc1
Nd7 28. Bf3 Qb6 29. a5 Qc7 30. Qd2 Nf6 31. Re1 Qd7 32. g4 h5 33. g5 Ng4 34.
Bxg4 hxg4 35. Rf1 Qd8 36. f6 b5 37. axb6 Qxb6 38. Rab1 R5c7 39. fxg7 Kxg7 40.
Qd3 Qd4 41. Qxd4 exd4 42. Rf4 Re7 43. Rxd4 Re2+ {#r} 1-0

[Event "Hampstead U2200 Feb2014"]
[Site "Hampstead, UK"]
[Date "2014.02.15"]
[Round "2"]
[White "Sagues, Vincent"]
[Black "Villiers, Thomas"]
[Result "0-1"]
[WhiteElo "1908"]
[BlackElo "2084"]
[EventType "swiss"]
[EventRounds "5"]

1. e4 c6 2. d4 d5 3. Nc3 dxe4 4. Nxe4 Nd7 5. Nf3 Ngf6 6. Ng3 Qc7 7. Bd3 e6 8.
O-O Bd6 9. b3 c5 10. Bb2 O-O 11. Re1 b6 12. Ne4 cxd4 13. Nxd6 Qxd6 14. Bxd4
Rd8 15. Bxf6 Nxf6 16. Qe2 Bb7 17. Rad1 Qc5 18. Ne5 Qe7 19. Bb5 Rac8 20. Rxd8+
Rxd8 21. Bc6 Qc7 22. Bxb7 Qxb7 23. Rd1 Qc7 24. Rxd8+ Qxd8 25. Qd3 Qxd3 26.
Nxd3 Kf8 27. c4 Ke7 28. f3 Kd6 29. Kf2 Nd7 30. Ke3 f5 31. f4 e5 32. fxe5+ Nxe5
33. Nxe5 Kxe5 34. h4 g6 35. g3 h6 36. b4 g5 37. hxg5 hxg5 38. a3 a6 39. Kd3 f4
40. gxf4+ Kxf4 41. a4 Ke5 42. a5 bxa5 43. bxa5 Kf4 44. c5 Ke5 45. c6 Kd6 46.
Ke4 Kxc6 47. Kf5 Kb5 48. Kxg5 Kxa5 49. Kf4 Kb4 50. Ke3 Kc3 {#R} 0-1

[Event "Hampstead U2200 Feb2014"]
[Site "Hampstead, UK"]
[Date "2014.02.15"]
[Round "2"]
[White "Salem, Ihab"]
[Black "Barasi, Paul DI"]
[Result "1-0"]
[WhiteElo "2073"]
[BlackElo "1880"]
[EventType "swiss"]
[EventRounds "5"]

1. e4 c5 2. Nf3 a6 3. d3 Nc6 4. g3 d6 5. Bg2 Nf6 6. O-O e6 7. c4 Be7 8. Nc3
O-O 9. d4 cxd4 10. Nxd4 Qc7 11. Nde2 Bd7 12. b3 Rab8 13. a4 Rfd8 14. Bf4 Nb4
15. Rc1 Qa5 16. Qd2 Rbc8 17. Rfd1 Bc6 18. Na2 d5 19. exd5 exd5 20. c5 Bxc5 21.
Rxc5 Qxc5 22. Nxb4 a5 23. Nd3 Qb6 24. Qb2 Ne4 25. Nd4 Bd7 26. Be3 Qa6 27. Nf4
Bg4 28. f3 Rc3 29. fxg4 Rxe3 30. Nf5 Nc3 31. Nxe3 Nxd1 32. Nxd1 d4 33. Nf2 b5
34. Bf1 Qb6 35. Bxb5 d3 36. N4xd3 Qe3 37. Qe5 {#r} 1-0

[Event "Hampstead U2200 Feb2014"]
[Site "Hampstead, UK"]
[Date "2014.02.15"]
[Round "2"]
[White "Landau, Jonathan"]
[Black "Niccoli, Tony"]
[Result "0-1"]
[WhiteElo "1886"]
[BlackElo "2066"]
[EventType "swiss"]
[EventRounds "5"]

1. Nc3 e5 2. e4 Nc6 3. f4 exf4 4. Nf3 Bb4 5. Nd5 Ba5 6. b4 Nxb4 7. Nxb4 Bxb4
8. Bb2 Nf6 9. Bc4 Qe7 10. e5 d5 11. Qe2 dxc4 12. exf6 gxf6 13. Bxf6 Qxe2+ 14.
Kxe2 Rg8 15. Rhe1 Be6 16. Kf1 Be7 17. Bxe7 Kxe7 18. Re4 Rad8 19. Rae1 Kd7 20.
Rxf4 Kc8 21. Re2 Rg4 22. Rxg4 Bxg4 23. Kf2 Rd6 24. a3 b5 25. Kg3 Bh5 26. Kh4
Bxf3 27. gxf3 Kd7 28. Kg5 Re6 29. Rf2 c5 30. f4 b4 31. axb4 cxb4 32. f5 Rd6
33. f6 b3 34. cxb3 cxb3 35. d4 Rxd4 36. Kh6 Kc6 37. Kg7 Rg4+ 38. Kxh7 a5 39.
h3 Rg6 40. h4 a4 41. h5 Rxf6 42. Re2 Kd5 43. Kg7 Re6 44. Rd2+ Kc4 45. Kxf7 Rh6
46. Rh2 a3 47. Rh4+ Kc3 48. Kg7 Rxh5 49. Rxh5 a2 50. Rh3+ Kb4 51. Rh4+ Ka3 52.
Rh1 b2 53. Rh3+ Kb4 {#R} 0-1

[Event "Hampstead U2200 Feb2014"]
[Site "Hampstead, UK"]
[Date "2014.02.15"]
[Round "2"]
[White "Bonafont, Philip R"]
[Black "Cossins, Neil"]
[Result "1-0"]
[WhiteElo "2047"]
[BlackElo "1834"]
[EventType "swiss"]
[EventRounds "5"]

1. d4 d5 2. Nf3 Nf6 3. c4 e6 4. Nc3 Be7 5. Bg5 O-O 6. e3 b6 7. Bxf6 Bxf6 8.
cxd5 exd5 9. Qa4 Be6 10. Be2 c5 11. dxc5 bxc5 12. Rc1 d4 13. exd4 cxd4 14. Rd1
Bd7 15. Nb5 Qb6 16. Qb3 Bxb5 17. Qxb5 Nc6 18. O-O Rfd8 19. Qxb6 axb6 20. Bb5
Rac8 21. Rfe1 Nb4 22. a3 Nc6 23. Bd3 h6 24. g3 g5 25. h3 Na5 26. Nd2 Nb7 27.
Ne4 Bg7 28. g4 Nc5 29. Ng3 Nxd3 30. Rxd3 Rc2 31. Re2 Rdc8 32. Red2 Be5 33. Nf5
R8c4 34. Nxh6+ Kf8 35. Nf5 Rxd2 36. Rxd2 f6 37. Kg2 Kf7 38. Kf3 Bf4 39. Rxd4
Rxd4 40. Nxd4 Bc1 41. Ke4 Bxb2 42. a4 Ke7 43. Kd5 Kd7 44. Nf5 Ba3 45. h4 gxh4
46. Nxh4 Bc5 47. f4 Be3 48. Ng6 Bd2 49. Nf8+ Ke7 50. Ne6 Bc1 51. f5 Kd7 52.
Nd4 Bd2 53. Nb5 Bf4 54. Nc3 Bc1 55. Ne4 Bb2 56. g5 fxg5 57. Nxg5 Ke7 58. Ne4
Kd7 59. Nd2 Ba3 60. Nc4 Bc5 61. a5 Bf2 62. Nxb6+ Ke7 63. Kc6 Kf6 64. a6 {#r}
1-0

[Event "Hampstead U2200 Feb2014"]
[Site "Hampstead, UK"]
[Date "2014.02.15"]
[Round "2"]
[White "Hayward, Alan"]
[Black "Macreamoinn, Brian"]
[Result "1/2-1/2"]
[WhiteElo "1952"]
[BlackElo "1807"]
[EventType "swiss"]
[EventRounds "5"]

1. d4 d5 2. Nc3 Nf6 3. Bg5 Bf5 4. f3 Bg6 5. Nh3 h6 6. Bxf6 exf6 7. Nf4 Bb4 8.
Nxg6 fxg6 9. Qd3 Bxc3+ 10. bxc3 f5 11. Qb5+ Nc6 12. Qxb7 Na5 13. Qb5+ c6 14.
Qc5 Kf7 15. e3 Re8 16. Kf2 Re6 17. Ba6 Qc7 18. c4 f4 19. cxd5 fxe3+ 20. Ke2
Rd6 21. dxc6 Rxc6 22. Qd5+ Kf8 23. Bd3 Rd8 24. Qb5 Rxc2+ 25. Bxc2 Qxc2+ 26.
Kxe3 Qc3+ 27. Kf2 Qxd4+ 28. Kg3 g5 29. Qf5+ Kg8 30. h4 Rf8 31. Qe6+ Kh8 32.
hxg5 Qf4+ 33. Kf2 Qd2+ 34. Qe2 Qd4+ 35. Qe3 Qb2+ 36. Kg3 Nc4 37. Qc5 Qb8+ 38.
Kh3 Qf4 39. Rae1 Nd2 40. Qe5 hxg5 41. Qxf4 gxf4 42. Kg4+ Kg8 43. Rd1 Nc4 44.
Rhe1 Ne3+ 45. Rxe3 fxe3 46. Re1 Rc8 47. Rxe3 Rc2 48. Ra3 Rxg2+ 49. Kf4 Kf7 50.
Rxa7+ Kf6 51. Ra6+ Kf7 52. a4 Ra2 53. Ra7+ Ke6 54. Rxg7 Rxa4+ 55. Kg5 Ra3 56.
Kg4 Ra1 57. Rb7 Rg1+ 58. Kf4 Rf1 59. Rb6+ Kd5 60. Rb3 Ke6 61. Re3+ Kf6 62. Ke4
Kg5 63. Re2 Ra1 64. f4+ Kf6 65. Rb2 Ra4+ 66. Kf3 Ra1 67. Rb6+ Kf5 68. Rb5+ Kf6
{#d} 1/2-1/2

[Event "Hampstead U2200 Feb2014"]
[Site "Hampstead, UK"]
[Date "2014.02.15"]
[Round "2"]
[White "Pride, Stephen C"]
[Black "Bryant, Jonathan M"]
[Result "1-0"]
[WhiteElo "1792"]
[BlackElo "1939"]
[EventType "swiss"]
[EventRounds "5"]

1. d4 e6 2. Nf3 f5 3. Bf4 Nf6 4. e3 g6 5. c4 d6 6. Nc3 Bg7 7. Be2 O-O 8. O-O
Qe7 9. h3 Nc6 10. a3 e5 11. dxe5 dxe5 12. Bh2 a5 13. Qc2 e4 14. Nd4 Ne5 15.
Rad1 c6 16. Rd2 Nfd7 17. Rfd1 Nc5 18. Bxe5 Bxe5 19. f4 exf3 20. Bxf3 Qg5 21.
Re2 f4 22. Ne4 Nxe4 23. Qxe4 fxe3 24. Qxe3 Bf4 25. Qf2 Bxh3 26. Ne6 Bxe6 27.
Rxe6 Rae8 28. Rde1 Bg3 29. Qe3 Qh4 30. Rxe8 Qh2+ 31. Kf1 Qh1+ 32. Qg1 Qxg1+
33. Kxg1 Bxe1 34. Rxe1 Rf4 35. Re4 Rf7 36. Kf2 g5 37. Ke3 Kg7 38. Kd4 b6 39.
Re6 Rd7+ 40. Ke3 c5 41. Rxb6 Rd4 42. Rb5 g4 43. Bd5 h5 44. Rxc5 Rd1 45. Rxa5
h4 46. Ra7+ Kh6 47. Rf7 h3 48. gxh3 gxh3 49. Rf2 Kg5 50. Rd2 Rc1 51. b4 Kg4
52. Be6+ Kg3 53. Bxh3 Kxh3 {#r} 1-0

[Event "Hampstead U2200 Feb2014"]
[Site "Hampstead, UK"]
[Date "2014.02.15"]
[Round "2"]
[White "Ai, Farshad"]
[Black "Wen, Jackson"]
[Result "1/2-1/2"]
[WhiteElo "1935"]
[BlackElo "1701"]
[EventType "swiss"]
[EventRounds "5"]

1. c4 b6 2. Nc3 Bb7 3. e4 e6 4. Nge2 g6 5. g3 Bg7 6. Bg2 Ne7 7. O-O O-O 8. d3
d5 9. f4 c5 10. h3 d4 11. Nb1 Nbc6 12. Nd2 e5 13. f5 f6 14. a3 g5 15. g4 a5
16. Ng3 Rf7 17. Nh5 Bf8 18. a4 Nc8 19. b3 Nb4 20. Rf3 Bg7 21. Nf1 Kf8 22. Bd2
Nc6 23. Nfg3 Bh8 24. Kf2 Ke8 25. Qe2 h6 26. Rh1 Kd7 27. h4 Nd6 28. Nf1 Rc8 29.
Rfh3 Kc7 30. hxg5 hxg5 31. Nhg3 Bg7 32. Bf3 Nb8 33. Ke1 Nd7 34. Qh2 Nf8 35.
Qg2 Kb8 36. R1h2 Rcc7 37. Qh1 Ka7 38. Nh5 Ne8 39. Nfg3 Qd6 40. Ke2 Rcd7 41.
Qe1 Ka6 42. Nf1 Bc6 43. Bc1 Qc7 44. Nd2 Kb7 45. Nb1 Kc8 46. Bd2 Qd8 47. Ng3
Ra7 48. Na3 Qd7 49. Qd1 Kb8 50. Be1 Ka8 51. Nf1 Kb8 52. Nd2 Ka8 53. Ndb1 Kb8
54. Kf1 Kc8 55. Ra2 Kb8 56. Nb5 Bxb5 57. axb5 Qc7 58. Qc2 Kc8 59. Bd1 Kb8 60.
Nd2 Kc8 61. Kg2 Nd7 62. Nf1 Nb8 63. Ng3 Bf8 64. Rh8 Qe7 65. Kf3 Rh7 66. Rxh7
Qxh7 67. Qh2 Qxh2 68. Rxh2 Rf7 69. Rh8 Nd7 70. Nh5 Kd8 71. Ng3 Be7 72. Nh1 Nf8
73. Nf2 Rh7 74. Rxh7 Nxh7 75. Bc2 Kc7 76. Nd1 Kb7 77. Nb2 Bd8 78. Na4 Nd6 79.
Ke2 Nf8 80. Bd2 Nf7 81. Bd1 Nd7 82. Be1 Ka7 83. Kd2 Kb7 84. Kc2 Ka7 85. Kb2
Kb7 86. Kc2 Kc7 87. Nb2 Kb7 88. Be2 Kc7 89. Nd1 Nd6 90. Nf2 Ne8 91. Nh1 Kb8
92. Ng3 Kc7 93. Nh5 Kd6 94. Bd1 Kc7 95. Bg3 Kb7 96. Kd2 Kc7 97. Bh2 Kd6 98.
Ng3 Kc7 99. Ne2 Kb7 100. Ng1 Kc7 101. Nf3 Kd6 102. Be2 {#d} 1/2-1/2

[Event "Hampstead U2200 Feb2014"]
[Site "Hampstead, UK"]
[Date "2014.02.15"]
[Round "2"]
[White "Rubinson, Adam"]
[Black "Bedi, Adam"]
[Result "1-0"]
[WhiteElo "1770"]
[BlackElo "1933"]
[EventType "swiss"]
[EventRounds "5"]

1. d4 d5 2. c4 e6 3. Nf3 Nf6 4. g3 Be7 5. Bg2 O-O 6. O-O c5 7. cxd5 exd5 8.
dxc5 Bxc5 9. Qb3 Qe7 10. Bg5 Be6 11. Nc3 Nbd7 12. Qd1 h6 13. Bf4 Rac8 14. Ne5
Nxe5 15. Bxe5 Rfd8 16. Bd4 Bf5 17. e3 Qe6 18. Bxc5 Rxc5 19. Qd4 b6 20. Rac1
Rdc8 21. b3 Qc6 22. Ne2 Rxc1 23. Nxc1 Qxc1 24. g4 Bxg4 25. h3 Qc5 26. hxg4
Qxd4 27. exd4 Nxg4 28. Bxd5 Rd8 29. Bc4 Rxd4 30. Re1 Rd7 31. Re8+ Kh7 32. f3
Nf6 33. Rf8 Kg6 34. a4 Nh7 35. Rc8 Ng5 36. Kf2 f6 37. Rc6 Re7 38. Bd3+ Kf7 39.
f4 Ne4+ 40. Kg2 Nc5 41. Bc4+ Kg6 42. b4 Nxa4 43. Bd3+ Kh5 44. Bb5 Nb2 45. Rc2
Kg4 46. Rxb2 Kxf4 47. Bd3 f5 48. Rf2+ Ke3 49. Re2+ Kxd3 50. Rxe7 a5 51. bxa5
bxa5 52. Ra7 Ke4 53. Rxg7 f4 54. Rh7 f3+ 55. Kf2 Kd3 56. Ra7 h5 57. Rxa5 h4
58. Kxf3 {#r} 1-0

[Event "Hampstead U2200 Feb2014"]
[Site "Hampstead, UK"]
[Date "2014.02.15"]
[Round "2"]
[White "Mondal, Prince"]
[Black "Chauhan, Pranay"]
[Result "1-0"]
[WhiteElo "1923"]
[BlackElo "1463"]
[EventType "swiss"]
[EventRounds "5"]

1. e4 e6 2. d4 d5 3. Nc3 Bb4 4. e5 c5 5. a3 Bxc3+ 6. bxc3 Ne7 7. h4 Qc7 8. Nf3
Nbc6 9. h5 h6 10. Bd3 cxd4 11. cxd4 Nxd4 12. Nxd4 Qc3+ 13. Qd2 Qxa1 14. c3 Nc6
15. Nb3 Qxc1+ 16. Nxc1 Nxe5 17. O-O Bd7 18. Re1 Ng4 19. f4 O-O-O 20. Be2 Nf6
21. Bf3 Bc6 22. Nd3 Ne4 23. Qb2 Nd6 24. Ne5 Be8 25. Rb1 f6 26. Ng6 Bxg6 27.
hxg6 Rd7 28. Re1 Re8 29. Bd1 Nc4 30. Qc1 Rc7 31. Bg4 Rce7 32. Qd1 Kb8 33. a4
Nb6 34. Qd4 e5 35. Qb4 e4 36. a5 Nc4 37. Be2 Ne3 38. Qd6+ Ka8 39. a6 Re6 40.
axb7+ Kxb7 41. Rb1+ Ka8 42. Qd7 Rb8 43. Rxb8+ Kxb8 44. Qxe6 f5 45. Qg8+ Kc7
46. Qxg7+ Kb6 47. Qd4+ Kc6 48. Qxe3 a5 49. g7 a4 50. g8=Q a3 51. Qe8+ Kc7 52.
Qa7+ Kd6 53. Qb6# 1-0

[Event "Hampstead U2200 Feb2014"]
[Site "Hampstead, UK"]
[Date "2014.02.15"]
[Round "2"]
[White "Maund, Barry"]
[Black "Keohane, Ben"]
[Result "0-1"]
[WhiteElo "1794"]
[BlackElo "2090"]
[EventType "swiss"]
[EventRounds "5"]

1. d4 Nf6 2. Nf3 c5 3. e3 g6 4. c3 b6 5. Bd3 Bb7 6. Nbd2 Bg7 7. O-O O-O 8. Re1
Nd5 9. e4 Nf4 10. Bc2 Qc7 11. e5 Na6 12. Ne4 Nd5 13. c4 Ndb4 14. dxc5 Nxc2 15.
Qxc2 Nxc5 16. Nxc5 Qxc5 17. Bf4 Bxf3 18. gxf3 Rfc8 19. Rad1 Qxc4 20. Qd2 Qxa2
21. Qxd7 e6 22. Ra1 Qxb2 23. Rxa7 Rf8 24. Rea1 Rxa7 25. Rxa7 Bxe5 26. Be3 Qb3
27. f4 Qb1+ 28. Kg2 Qe4+ 29. Kg3 Bb8 30. Rb7 g5 31. Rxb6 Bxf4+ {#R} 0-1

[Event "Hampstead U2200 Feb2014"]
[Site "Hampstead, UK"]
[Date "2014.02.15"]
[Round "2"]
[White "Jain, Gautam"]
[Black "Hudson, Julian"]
[Result "1/2-1/2"]
[WhiteElo "1690"]
[BlackElo "1965"]
[EventType "swiss"]
[EventRounds "5"]

1. e4 Nc6 2. Nc3 d6 3. f4 Nf6 4. Nf3 Bg4 5. Be2 e5 6. d3 Be7 7. O-O Qd7 8. a3
O-O 9. fxe5 dxe5 10. Nd2 Bc5+ 11. Kh1 Bxe2 12. Qxe2 Nd4 13. Qd1 Ng4 14. Nc4
Nc6 15. Qe1 Qd4 16. Nd1 b5 17. Nce3 Qd7 18. Nxg4 Qxg4 19. Qc3 Bb6 20. Qxc6 Qe2
21. Ne3 Bxe3 22. Bxe3 Qxe3 23. Qxb5 Rae8 24. Qc4 Re7 25. Rf3 Qb6 26. b4 Rd8
27. Raf1 Rdd7 28. Rf5 a5 29. bxa5 Qxa5 30. Qb3 g6 31. R5f3 Kg7 32. a4 c5 33.
Qc4 Ra7 34. R3f2 Qb4 35. Qxb4 cxb4 36. Ra1 Rec7 37. g3 Rc3 38. Kg2 Rac7 39. a5
Ra7 40. Ra4 f6 41. Rxb4 Ra3 42. Rb6 R3xa5 43. Rbxf6 Rc7 44. Re6 Rac5 45. Kh3
Rf7 46. Rxf7+ Kxf7 47. Ra6 Rxc2 48. Ra7+ Ke6 49. Rxh7 Rd2 50. Rg7 Kf6 51. Rd7
Ke6 52. Rd5 Rf2 53. g4 g5 54. Kg3 Rf1 55. Kg2 Rd1 56. h3 Rd2+ 57. Kf3 Rh2 58.
Kg3 Rh1 59. d4 exd4 60. Rxd4 Rg1+ 61. Kh2 Re1 62. Rd5 Kf6 63. Rf5+ Kg6 64. e5
Re2+ 65. Kg3 Re3+ 66. Kg2 Re4 67. Kf2 Kh6 68. Kf3 Re1 69. Kf2 Re4 70. Kf3 Re1
71. Kg2 Re3 72. Kh2 Kg6 73. Kg2 Re1 74. Kf3 Kh6 75. h4 gxh4 76. Rh5+ Kg6 77.
Rxh4 Rxe5 78. Kf4 Ra5 79. Rh8 Ra4+ 80. Kg3 Kg7 81. Rh5 Kg6 82. Kh4 Rb4 83. Ra5
Rc4 84. Ra6+ Kg7 85. Kh5 Rc1 86. Ra7+ Kg8 87. g5 Rc6 88. g6 Rc1 89. Ra8+ {#d}
1/2-1/2

[Event "Hampstead U2200 Feb2014"]
[Site "Hampstead, UK"]
[Date "2014.02.15"]
[Round "2"]
[White "Figueroa, Edison"]
[Black "Kamath, Raghu"]
[Result "1/2-1/2"]
[WhiteElo "1786"]
[BlackElo "1962"]
[EventType "swiss"]
[EventRounds "5"]

1. e4 e5 2. Nf3 Nc6 3. Bb5 f5 4. d3 fxe4 5. dxe4 Nf6 6. O-O Be7 7. Qe2 O-O 8.
Qc4+ Kh8 9. Bxc6 bxc6 10. Nxe5 Qe8 11. Nc3 a5 12. Re1 Ba6 13. Qa4 Bd6 14. Nf3
Qh5 15. e5 Ng4 16. Bf4 Bb4 17. Bg3 Rxf3 18. gxf3 Nh6 19. a3 Bc5 20. Ne4 Bb6
21. Qb3 Rf8 22. f4 Qh3 23. Ng5 Qh5 24. Ne4 Qh3 25. Rad1 Ng4 26. Ng5 Qh5 27.
Rxd7 h6 28. Ne4 Bc8 29. e6 Qf5 30. e7 Bxd7 31. exf8=Q+ Qxf8 32. h3 Nf6 33. Kh2
Nxe4 34. Rxe4 Qf5 35. Qd3 Qxh3+ 36. Kg1 Bf5 37. Re8+ Kh7 { Remaining moves
unreadable, 1/2-1/2, 46.} {#d} 1/2-1/2

[Event "Hampstead U2200 Feb2014"]
[Site "Hampstead, UK"]
[Date "2014.02.15"]
[Round "2"]
[White "Gibbs, Dominic V"]
[Black "Michow, Jordan"]
[Result "1-0"]
[WhiteElo "1967"]
[BlackElo "1330"]
[EventType "swiss"]
[EventRounds "5"]

1. e4 e5 2. Nf3 d6 3. Bc4 h6 4. O-O Nf6 5. Qe2 a6 6. c3 b5 7. Bb3 Bb7 8. Bc2
c5 9. d4 cxd4 10. cxd4 Qc7 11. d5 Nbd7 12. a4 b4 13. a5 Nc5 14. Nbd2 Be7 15.
Nb3 Nxb3 16. Bxb3 Rb8 17. Be3 Bd8 18. Ba4+ Kf8 19. Bb3 Qe7 20. Bd2 Bc8 21.
Rfc1 Qa7 22. Rc6 Ne8 23. Qe1 Bd7 24. Rc2 Qb7 25. Rc4 Nc7 26. Bxb4 Nb5 27. Nxe5
Be8 28. Nc6 Bxc6 29. dxc6 Qc7 30. Ba4 Be7 31. Rd1 Rd8 32. Rc2 g6 33. Bxb5 axb5
34. Qe2 Rb8 35. Qd3 Kg7 36. Bc3+ f6 37. b4 Rhd8 38. Bd4 d5 39. exd5 Rxd5 40.
Bxf6+ Bxf6 41. Qxd5 Rd8 42. Qxd8 Qxd8 43. Rxd8 {#r} 1-0

[Event "Hampstead U2200 Feb2014"]
[Site "Hampstead, UK"]
[Date "2014.02.15"]
[Round "2"]
[White "Joslin, Tim"]
[Black "Sheremetyeva, Elizaveta"]
[Result "1-0"]
[WhiteElo "1855"]
[BlackElo "1634"]
[EventType "swiss"]
[EventRounds "5"]

1. e4 c6 2. d4 d5 3. exd5 cxd5 4. c4 e6 5. Nf3 Nc6 6. Nc3 Nf6 7. Bg5 Be7 8.
Bd3 O-O 9. O-O b6 10. Re1 Bb7 11. a3 Qd7 12. Ne5 Nxe5 13. dxe5 dxc4 14. exf6
gxf6 15. Bxh7+ Kxh7 16. Qxd7 Rab8 17. Qxe7 fxg5 18. Re3 g4 19. Qh4+ Kg7 20.
Qxg4+ Kf6 21. Qh4+ Kg6 22. Rg3+ Kf5 23. Qg5# 1-0

[Event "Hampstead U2200 Feb2014"]
[Site "Hampstead, UK"]
[Date "2014.02.15"]
[Round "2"]
[White "Cork, David J"]
[Black "Somton, Anita"]
[Result "1-0"]
[WhiteElo "1763"]
[BlackElo "1634"]
[EventType "swiss"]
[EventRounds "5"]

1. e4 c5 2. Nf3 g6 3. d4 cxd4 4. Nxd4 Nc6 5. Be3 Nf6 6. Nc3 Bg7 7. Bc4 O-O 8.
Bb3 a5 9. O-O a4 10. Nxc6 bxc6 11. e5 axb3 12. exf6 Bxf6 13. cxb3 Ba6 14. Re1
Rb8 15. Bd4 Bg7 16. Bxg7 Kxg7 17. Qd4+ f6 18. Rad1 Rb7 19. Ne4 e5 20. Qd6 {#r}
1-0

[Event "Hampstead U2200 Feb2014"]
[Site "Hampstead, UK"]
[Date "2014.02.15"]
[Round "2"]
[White "Wen, Jessica"]
[Black "Brozel, Sacha"]
[Result "0-1"]
[WhiteElo "1624"]
[BlackElo "1726"]
[EventType "swiss"]
[EventRounds "5"]

1. e4 c5 2. Nf3 e6 3. d4 cxd4 4. Nxd4 Nc6 5. Be2 Qc7 6. c3 a6 7. O-O Nf6 8.
Qd3 Be7 9. Nd2 O-O 10. N2f3 b5 11. Bd2 Bb7 12. Rac1 Ne5 13. Nxe5 Qxe5 14. f3
Bd6 15. g3 Qc5 16. Be3 Qc7 17. Bf2 h5 18. Bd1 h4 19. Ne2 Nh5 20. Kg2 f5 21.
Bb3 fxe4 22. fxe4 Qc6 23. Bc2 Nf6 24. Nd4 Qxe4+ 25. Qxe4 Nxe4 26. Bxe4 Bxe4+
27. Kg1 hxg3 28. hxg3 e5 29. Nb3 Be7 30. Rfe1 d5 31. Nd2 Bg5 32. Be3 Bxe3+ 33.
Rxe3 Rad8 34. Nxe4 dxe4 35. Rc2 Rf3 36. Rxe4 Rxg3+ 37. Kf2 Rg5 38. c4 Rf8+ 39.
Ke1 Rg1+ 40. Kd2 Rg2+ 41. Kc3 Rf3+ 42. Kb4 Rxc2 43. b3 bxc4 44. bxc4 Rf4 45.
Rxe5 Rfxc4+ 46. Kb3 R4c3+ 47. Kb4 a5+ 48. Rxa5 Rc4+ 49. Kb3 R2c3+ 50. Kb2 Rf3
51. Rb5 Rh4 52. Rc5 Rh2+ 53. Rc2 Rxc2+ 54. Kxc2 g5 55. a4 Ra3 56. Kd2 Rxa4 57.
Ke3 Kf7 58. Kf3 Kf6 59. Kg3 Kf5 60. Kf3 g4+ 61. Kg3 Ra3+ 62. Kf2 Kf4 63. Kg2
Ra2+ 64. Kf1 Kf3 {#R} 0-1

[Event "Hampstead U2200 Feb2014"]
[Site "Hampstead, UK"]
[Date "2014.02.15"]
[Round "2"]
[White "Sutton, Daniel"]
[Black "Xu, David"]
[Result "1-0"]
[WhiteElo "1724"]
[BlackElo "1550"]
[EventType "swiss"]
[EventRounds "5"]

1. e4 c5 2. c3 Nf6 3. e5 Nd5 4. d4 cxd4 5. cxd4 Nc6 6. Nf3 e6 7. Nc3 Bb4 8.
Bd2 Qa5 9. Nb5 Bxd2+ 10. Qxd2 Qxd2+ 11. Kxd2 Ke7 12. Rc1 a6 13. Nd6 f6 14. Bc4
Nb6 15. Bb3 fxe5 16. dxe5 Rf8 17. Rhe1 a5 18. a3 Rb8 19. Re4 Na8 20. Ba4 Nc7
21. Rg4 g6 22. Rh4 h5 23. Bc2 Rg8 24. Be4 Ne8 25. Nb5 b6 26. Bxc6 dxc6 27. Na7
Bd7 28. Nxc6+ Bxc6 29. Rxc6 Rd8+ 30. Ke2 b5 31. Rd4 Rd7 32. Rxd7+ Kxd7 33. Rb6
Nc7 34. Nd4 b4 35. axb4 axb4 36. Rxb4 Nd5 37. Rb7+ Kc8 38. Rf7 Re8 39. g3 Kb8
40. Nc6+ Kc8 41. Rg7 Nc7 42. Rxg6 Kb7 43. Nd4 Rd8 44. Nxe6 Re8 45. Nxc7 {#r}
1-0

[Event "Hampstead U2200 Feb2014"]
[Site "Hampstead, UK"]
[Date "2014.02.15"]
[Round "2"]
[White "Ritchie, Paul"]
[Black "Pattni, Kishan"]
[Result "0-1"]
[WhiteElo "1578"]
[BlackElo "1715"]
[EventType "swiss"]
[EventRounds "5"]

1. e4 e6 2. d4 d5 3. e5 c5 4. c3 Nc6 5. Nf3 cxd4 6. cxd4 Qb6 7. Be2 f6 8. O-O
fxe5 9. dxe5 Nge7 10. b3 Ng6 11. Bb2 Be7 12. Nc3 O-O 13. Rc1 a6 14. Bd3 Nf4
15. Bb1 Bd7 16. g3 Nh3+ 17. Kg2 Ng5 18. Nxg5 Bxg5 19. f4 Bh6 20. Nxd5 exd5 21.
Qxd5+ Kh8 22. Qxd7 Rad8 23. Qe6 Rd2+ 24. Kh1 Rxb2 25. Rcd1 Qe3 26. Qc4 Qe2 27.
Qxe2 Rxe2 28. Rd7 Nxe5 29. Rxb7 Ng4 30. a4 Rxh2+ 31. Kg1 Rd2 32. Bf5 Ne3 {#R}
0-1

[Event "Hampstead U2200 Feb2014"]
[Site "Hampstead, UK"]
[Date "2014.02.15"]
[Round "2"]
[White "Pepe, Salvatore"]
[Black "Tomy, Jeff"]
[Result "1-0"]
[WhiteElo "1703"]
[BlackElo "1434"]
[EventType "swiss"]
[EventRounds "5"]

1. d4 Nf6 2. Nf3 g6 3. c4 Bg7 4. Nc3 d6 5. Bf4 O-O 6. h3 Nbd7 7. Qd2 Re8 8.
Bh6 Bh8 9. g4 b6 10. Rg1 Bb7 11. h4 c5 12. d5 Qc7 13. h5 Ba6 14. hxg6 fxg6 15.
e3 Bb7 16. Ng5 Ne5 17. Be2 Ba6 18. b3 Qc8 19. Ne6 Rb8 20. a4 Qd7 21. f4 Nf7
22. Rh1 Ne4 23. Nxe4 Bxa1 24. f5 gxf5 25. gxf5 Nxh6 26. Rxh6 Bg7 27. Rh1 Bc8
28. Rg1 Kh8 29. Rxg7 Qb7 30. Qc3 h6 31. Rf7+ Kg8 32. Qg7# 1-0